000 00322 a2200109 4500
020 _a9781934154175
082 _a625.85 ASP
245 _aSUPERPAVE Mix Design Superpave Series No. 2 (Sp-2)/
_cAsphalt Institute
250 _a3rd ed
260 _aUSA :
_bAsphalt institute,
_c2001.
300 _aix, 102p. :
_bill. ;
_c21 cm
650 _aSuperpave -- Asphalt
999 _c1556
_d1556